000 00934nam a2200253Ia 4500
003 OSt
005 20221005112357.0
006 a|||||r|||| 00| 0
007 ta
008 221004b |||||||| |||| 00| 0 pan d
020 _a9789381316375 (pbk)
_c100
024 _a14911
037 _b890, 08/09/2014, H.K. Prakashan
_cTextual
040 _aCRL
_cCRL
_bpan
041 _2pan
_apan
082 _aO1w, 153Q4
100 _aਜਗਰਾਓ੍ਵ, ਜਸਪ੍ਰੀਤ ਸਿੰਘ, ਥਦ.
245 0 _aਮਹਾਨ ਲੋਕਾਂ ਦੀਆਂ ਜੀਵਨੀਆਂ
260 _aਸਮਾਣਾ
_bਸੰਗਮ ਪਬਲੀਕੇFਨਗ਼ ਭਾਰਤ
_c2014
300 _a136ਪੰ
_ccm.
650 _aਪੰਜਾਬੀ ਸਾਹਿਤ
942 _hO1w, 153Q4
_cTEXL
_2cc
999 _c1024702
_d1024702